La aventura del ser vivo
Guardat en:
| Autor principal: | |
|---|---|
| Format: | Llibre |
| Idioma: | espanyol |
| Publicat: |
Barcelona
Gedisa
1994
|
| Edició: | 2a. ed |
| Col·lecció: | Límites de la Ciencia, 21
|
| Matèries: | |
| Etiquetes: |
Afegir etiqueta
Sense etiquetes, Sigues el primer a etiquetar aquest registre!
|
MARC
| LEADER | 00000nam a2200000 a 4500 | ||
|---|---|---|---|
| 001 | UCL7613 | ||
| 003 | CL-VaPUC | ||
| 008 | 040528e19940000SP |||||||||||||||||spa|d | ||
| 020 | |a 8474323754 | ||
| 082 | 0 | 4 | |a 570.1 |b ROS |2 21 |
| 100 | 0 | |a Rosnay, Joël de |e author |9 485424 | |
| 245 | 1 | 3 | |a La aventura del ser vivo |
| 250 | |a 2a. ed | ||
| 300 | |a 225 p | ||
| 942 | |c BK | ||
| 945 | |d 20040528 00:00:00 |a cmena | ||
| 260 | |a Barcelona |b Gedisa |c 1994 | ||
| 650 | 0 | |a Filosofía de las ciencias |9 256466 | |
| 650 | 0 | |a Ciencias de la vida |9 314137 | |
| 650 | 0 | |a Biología |9 262022 | |
| 650 | 0 | |a Seres vivos |9 357459 | |
| 583 | |a last modification |c 20040528 00:00:00 |k Rodrigo Vera | ||
| 490 | 0 | |a Límites de la Ciencia, 21 | |
| 999 | |c 309245 |d 309243 | ||
| 952 | |0 0 |1 0 |4 0 |6 570_100000000000000_ROS_1994 |7 0 |8 A |9 376614 |a BIBING |b BIBING |d 2019-11-21 |i 4019628 |o 570.1 ROS 1994 |p 4019628 |r 2025-01-20 |w 2019-11-21 |y BK |k EII | ||